Countries with Adders - Statistics

General Stats
  • This quiz has been taken 16 times
  • The average score is 37 of 38
Answer Stats
Answer % Correct
Albania
100%
Austria
100%
Belarus
100%
Belgium
100%
Bosnia and Herzegovina
100%
Bulgaria
100%
Croatia
100%
Czechia
100%
Denmark
100%
Estonia
100%
Finland
100%
France
100%
Germany
100%
Hungary
100%
Kosovo
100%
Latvia
100%
Lithuania
100%
Moldova
100%
Montenegro
100%
Netherlands
100%
Norway
100%
Poland
100%
Romania
100%
Russia
100%
Serbia
100%
Slovakia
100%
Slovenia
100%
Sweden
100%
Ukraine
100%
United Kingdom
100%
Greece
92%
Italy
92%
North Korea
92%
North Macedonia
92%
Switzerland
92%
Turkey
92%
China
77%
Mongolia
77%
No matching quizzes found
Score Distribution
Percent of People with Each Score
Percentile by Number Answered
Your Score History
You have not taken this quiz